| 000 | 03693cam a22005414i 4500 | ||
|---|---|---|---|
| 003 | PE-LiUPU | ||
| 005 | 20250731172849.0 | ||
| 008 | 140624s2014 inu rb 001 0 eng | ||
| 020 | _a0268038422 | ||
| 020 | _a9780268038427 | ||
| 035 | _a(Sirsi) i9780268038427 | ||
| 040 |
_aDLC _bspa _erda _cDLC _dYDX _dBTCTA _dOCLCF _dYDXCP _dCOO _dZCU _dCHVBK _dTLE _dBDX _dLNT _dRCT _dEEM _dOCLCQ _dPE-LiUPU |
||
| 049 | _aPRUA | ||
| 082 | 0 | 0 |
_a277.308223 _bA5 |
| 245 | 0 | 0 |
_aAmerican Evangelicalism : _bGeorge Marsden and the state of American religious history / _cedited by Darren Dochuk, Thomas S. Kidd, and Kurt W. Peterson. |
| 264 | 1 |
_aNotre Dame, Indiana : _bUniversity of Notre Dame Press, _c[2014] |
|
| 300 |
_axvi, 518 páginas ; _c24 centímetros |
||
| 336 |
_atext _2rdacontent |
||
| 337 |
_aunmediated _2rdamedia |
||
| 338 |
_avolume _2rdacarrier |
||
| 504 | _aBibliografía : páginas 490-499. | ||
| 504 | _aÍndice: páginas 507-518 | ||
| 505 | 0 | _aForeword: George Marsden as scholar, Christian, and friend / Nathan Hatch, Mark Noll, Harry Stout, and Grant Wacker -- Jonathan Edwards and the study of his eighteenth-century world : George Marsden's contribution to Colonial American religious historiography / Douglas A. Sweeney -- Jonathan Edwards : a life / Thomas S. Kidd -- Jonathan Edwards and Francis Asbury / John Wigger -- The evangelical mind and the historians / Margaret Bendroth -- The evangelical mind and the new school Presbyterian experience / Peter J. Wallace -- The African American Great Awakening and modernity, 1866-1900 / Jay R. Case -- Marsden and modern fundamentalism / Barry Hankins -- Fundamentalism and American culture / William L. Svelmoe -- Reorienting American religious history in the age of global Christianity : the case of Katharine Bushnell / Kristin Kobes Du Mez -- A gilded age modernist : Reuben A. Torrey and the roots of contemporary conservative evangelicalism / Timothy E.W. Gloege -- The interdenominational evangelicalism of D.L. Moody and the problem of fundamentalism / Michael S. Hamilton -- Marsden and secularization / John Schmalzbauer -- The soul of the American university / Steven M. Nolt -- More than a footnote? : evangelical ministries and the secular university / John G. Turner -- The Southernization of the evangelical mind / Rick Ostrander -- Marsden and fundamentalist resurgence / Garth M. Rosell -- Reforming fundamentalism / Darren Dochuk -- Missionary realities and the new evangelicalism in post-World War II America / Kathryn T. Long -- The evangelical left and the politicization of evangelicalism / David R. Swartz -- Conclusion: How an evangelical won the Bancroft Prize / Mark Noll. | |
| 526 | _aSEG42 | ||
| 526 | _aSEG41 | ||
| 526 | _aSEG40 | ||
| 526 | _aSEG39 | ||
| 526 | _aP94 | ||
| 526 | _aP87 | ||
| 526 | _aP86 | ||
| 526 | _aP85 | ||
| 526 | _aP77 | ||
| 526 | _aP76 | ||
| 526 | _aP35 | ||
| 600 | 1 | 0 |
_aMarsden, George M., _d1939- |
| 650 | 1 | 4 |
_aEvangelismo _zEstados Unidos _xHistoria. |
| 651 | 4 |
_aEstados Unidos _xHistoria eclesiástica. |
|
| 700 | 1 |
_aDochuk, Darren, _eeditor. |
|
| 700 | 1 |
_aKidd, Thomas S., _eeditor. |
|
| 700 | 1 |
_aPeterson, Kurt W., _eeditor. |
|
| 910 |
_ajck _bebj _cebj _d20160607 |
||
| 942 |
_2ddc _cBOOK |
||
| 949 |
_a277.308223 A5 _wDEWEY _c1 _i73602 _lCCODEBUL1 _mBUL _p33.00 _r0 _sY _tBOOK _u2016-6-7 _xTEOLOGIA _PP85 _0COMPRA _o.STAFF. Colección General Teología |
||
| 994 |
_aC0 _bPEPRU |
||
| 596 | _a1 | ||
| 999 |
_a277.308223 A5 _wDEWEY _c9777 _i73602 _f2021-11-11 _g5 _lCCODEBUL1 _mBUL _p33.00 _r0 _sY _tBOOK _u2016-6-7 _xTEOLOGIA _PP85 _0COMPRA _o.STAFF. Colección General Teología _d9777 |
||
| 980 |
_81 _gALBERTO SANCHEZ Responsable de Automatización |
||